The no. 7 train : an immigrant journey / (Record no. 3219)

MARC details
000 -LEADER
fixed length control field 00499cgm a2200121 4500
001 - CONTROL NUMBER
control field 3942
010 ## - LIBRARY OF CONGRESS CONTROL NUMBER
LC control number 00574793
245 04 - TITLE STATEMENT
Title The no. 7 train : an immigrant journey /
Statement of responsibility, etc. a Third World Newsreel production ; directed, produced and scripted by J.T. Takagi and Hye Jung Park.
260 ## - PUBLICATION, DISTRIBUTION, ETC.
Date of publication, distribution, etc. 1999.
300 ## - PHYSICAL DESCRIPTION
Extent 1 videodisc (ca. 30 min.) :
Other physical details sd., col. ;
Dimensions 4 3/4 in.
508 ## - CREATION/PRODUCTION CREDITS NOTE
Creation/production credits note Cinematographic material and editing by Orinne J. T. Takagi and Hye Jung Park.
650 ## - SUBJECT ADDED ENTRY--TOPICAL TERM
Topical term or geographic name entry element Immigration --United states.
Form subdivision
General subdivision
Chronological subdivision
Geographic subdivision
Source of heading or term
Holdings
Withdrawn status Lost status Damaged status Not for loan Collection code Home library Current library Shelving location Date acquired Serial Enumeration / chronology Total Checkouts Full call number Barcode Date last seen Price effective from Koha item type
        Desk RTC Library RTC Library Desk 27/11/2018   DVD NUMDESK 30006255 27/11/2018 27/11/2018 Desk (DVD/CD)
Royal Thimphu College || All Right Reserved